Selected Lyrics Of Giewec Poets / (Record no. 195481)

MARC details
000 -LEADER
fixed length control field 00573nam a22001937a 4500
005 - DATE AND TIME OF LATEST TRANSACTION
control field 20230329171338.0
010 ## - LCCN (DPL NO)
LC control number ENG-136553
020 ## - INTERNATIONAL STANDARD BOOK NUMBER
International Standard Book Number 9789355297594
Terms of availability 395.00
035 ## - SYSTEM CONTROL NUMBER
System control number EN-120085
037 ## - SOURCE OF ACQUISITION
Source of stock number/acquisition DBAD/PUB
082 ## - DEWEY DECIMAL CLASSIFICATION NUMBER
Classification number 881
245 ## - TITLE STATEMENT
Title Selected Lyrics Of Giewec Poets /
Statement of responsibility, etc Edit By Ajit Bishnoi
250 ## - EDITION STATEMENT
Edition statement First
260 ## - PUBLICATION, DISTRIBUTION, ETC. (IMPRINT)
Place of publication, distribution, etc New Delhi
Name of publisher, distributor, etc Authorpress
Date of publication, distribution, etc 2022
270 ## - ADDRESS
Address Q-2A, Hauz Khas Enclave
City New Delhi
Postal code 110016
Electronic mail address authorspressgroup@gmail.com
Telephone number 9818049852
300 ## - PHYSICAL DESCRIPTION
Extent 172p.;
Dimensions 23cm(pbk)
760 ## - MAIN SERIES ENTRY
Edition 6th
942 ## - ADDED ENTRY ELEMENTS (KOHA)
Source of classification or shelving scheme Dewey Decimal Classification
Item type English Books
Classification part 881
Call number suffix DOM
Holdings
Withdrawn status Lost status Not for loan Collection code Home library Current library Date acquired Source of acquisition Cost, normal purchase price Full call number Barcode Copy number Cost, replacement price Koha item type
      Non-fiction Ashok Vihar Ashok Vihar 29/03/2023 DBAD/PUB 395.00 881 DOM EN-120085 1 395.00 English Books

© Delhi Public Library
Hit Counter
free hit counter